| 000 | 00736nam a22001697a 4500 | ||
|---|---|---|---|
| 999 |
_c371443 _d371443 |
||
| 008 | 201127b ||||| |||| 00| 0 eng d | ||
| 040 |
_aDE-2950 _bger _cDE-2950 _erda |
||
| 041 | _ager | ||
| 245 |
_aZwischen den Welten. _bFilm: Sie ist in Frankfurt (Oder) aufgewachsen, war Assistentin von Maren Ade und ihr Debüt läuft gleich auf der Berlinale. Von Annika Pinske wird man noch hören / _cBarbara Breuer |
||
| 264 | _c2022 | ||
| 653 | _aPinske, Annika; Regisseurin, Drehbuchautorin, 1982- | ||
| 773 |
_dFrankfurt (Oder) Märkisches Verlags- und Druckhaus GmbH & Co KG _tMärkische Oderzeitung _g33. Jahrgang (2022) Nr. 41 vom 18.02.2022, S. 19 |
||
| 942 | _cA | ||